Contratación contemporáneo : (Registro nro. 6889)

Detalles MARC
000 -LEADER
fixed length control field 01032nam a22002657a 4500
003 - CONTROL NUMBER IDENTIFIER
control field OSt
005 - DATE AND TIME OF LATEST TRANSACTION
control field 20200930121712.0
008 - FIXED-LENGTH DATA ELEMENTS--GENERAL INFORMATION
fixed length control field 200930s2001 ck ||||gr|||| 00| 0 spa d
020 ## - INTERNATIONAL STANDARD BOOK NUMBER
International Standard Book Number 9972733181
040 ## - CATALOGING SOURCE
Original cataloging agency CO-JMCR
Transcribing agency CO-JMCR
041 0# - LANGUAGE CODE
Language code of text/sound track or separate title spa
082 04 - DEWEY DECIMAL CLASSIFICATION NUMBER
Classification number 346.02 /
Item number A466c
Edition number 23
100 1# - MAIN ENTRY--PERSONAL NAME
Personal name Alterini, Atilio Aníbal,
Relator term autor
9 (RLIN) 11003
245 10 - TITLE STATEMENT
Title Contratación contemporáneo :
Remainder of title Contratación electrónica y tutela del consumidor /
Statement of responsibility, etc. Atilio Aníbal Alterini, José Luis de los Mozos, Carlos Alberto Soto
260 ## - PUBLICATION, DISTRIBUTION, ETC.
Place of publication, distribution, etc. Bogotá :
Name of publisher, distributor, etc. Temis,
Date of publication, distribution, etc. 2001.
300 ## - PHYSICAL DESCRIPTION
Extent 648 páginas ;
Dimensions 23 cm.
490 0# - SERIES STATEMENT
Series statement Instituciones de Derecho Privado ;
Volume/sequential designation 2
505 0# - FORMATTED CONTENTS NOTE
Formatted contents note Nuevas formas de contratación --- Derecho del consumidor
650 24 - SUBJECT ADDED ENTRY--TOPICAL TERM
Topical term or geographic name entry element Partidos políticos
Geographic subdivision Andes (Región)
9 (RLIN) 11004
650 24 - SUBJECT ADDED ENTRY--TOPICAL TERM
Topical term or geographic name entry element Política y gobierno
Geographic subdivision Andes (Región)
9 (RLIN) 11005
650 24 - SUBJECT ADDED ENTRY--TOPICAL TERM
Topical term or geographic name entry element Gobierno comparado
Geographic subdivision Andes (Región)
9 (RLIN) 11006
700 1# - ADDED ENTRY--PERSONAL NAME
Personal name de los Mozos, José Luis.,
Relator term editor
9 (RLIN) 11007
700 1# - ADDED ENTRY--PERSONAL NAME
Personal name Soto, Carlos Alberto,
Relator term editor
9 (RLIN) 11008
942 ## - ADDED ENTRY ELEMENTS (KOHA)
Source of classification or shelving scheme Dewey Decimal Classification
Koha item type Books
Existencias
Withdrawn status Lost status Source of classification or shelving scheme Damaged status Not for loan Home library Current library Shelving location Date acquired Total Checkouts Full call number Barcode Date last seen Date last checked out Copy number Price effective from Koha item type
    Dewey Decimal Classification     Biblioteca Pública José María del Castillo y Rada Biblioteca Pública José María del Castillo y Rada General Stacks 04/15/2018 1 346.02 / A466c 201810097 05/17/2024 05/17/2024 Ej.1 04/15/2018 Books